000 00561cam a2200193 a 4500
001 000002885
005 20200929150258.0
008 920629s1990 nyu 000 p spa
040 _aDO-SdBNP
_cDLC
082 _a861.4408
_bM516a
100 1 _aMejía, Alonso
_99168
245 1 0 _aArmadura del silencio /
_cAlonso Mejía.
260 _aNew York :
_bMoria,
_c1990.
300 _a164 p. ;
_c21 cm.
650 4 _aPoesía latinoamericana
_xColecciones
_99169
650 4 _aPaz
_xPoesía
_99170
650 4 _aMar
_xPoesía
_99171
910 _aCatalogación por copia / LC
999 _c2719
_d2719